| 000 | 00569nam a2200205 i 4500 | ||
|---|---|---|---|
| 001 | bg | ||
| 100 | 1 | _aKARCZMAREWICZ, Antonina Maria | |
| 245 | 0 |
_aPracujemy w WORD for Windows wersja polska / _cAntonina Maria Karczmarewicz. |
|
| 260 |
_aWarszawa : _bLYNX-SFT, _c1994. |
||
| 300 |
_a232 s. : _brys. ; _c24 cm. |
||
| 504 | _aIndeks. | ||
| 630 | 0 | 9 | _aWord dla Windows |
| 020 | _a8385455434 | ||
| 040 | _cBPK | ||
| 041 | _apol | ||
| 080 | _a655.1/.3:651.011.54/.56:681.322.06 | ||
| 920 | _a83-85455-43-4 | ||
| 942 | _cKS | ||
| 008 | s pl f |000 0 pol | ||
| 999 |
_c6920 _d6920 |
||
| 856 |
_uhttp://koha.tu.koszalin.pl/cgi-bin/koha/opac-detail.pl?biblionumber=6920 _yKatalog online BPK |
||